El cielo ó El suelo (Record no. 165156)

MARC details
000 -LEADER
campo de control de longitud fija 00825nam a22001815i 4500
001 - NÚMERO DE CONTROL
campo de control 165156
003 - IDENTIFICADOR DE NÚMERO DE CONTROL
campo de control ES-MaACL
005 - FECHA Y HORA DE LA ÚLTIMA TRANSACCIÓN
campo de control 20251014063240.0
008 - DATOS DE LONGITUD FIJA--INFORMACIÓN GENERAL
campo de control de longitud fija 991011s1880 sp |||| | spa d
040 ## - FUENTE DE CATALOGACIÓN
Centro catalogador/agencia de origen AS
Lengua de catalogación spa
Centro/agencia transcriptor AS
100 1# - ENTRADA PRINCIPAL--NOMBRE DE PERSONA
Nombre de persona Sellés, Eugenio,
Fechas asociadas al nombre 1842-1926
9 (RLIN) 145933
245 13 - MENCIÓN DEL TÍTULO
Título El cielo ó El suelo
Resto del título : drama en tres actos y en verso /
Mención de responsabilidad, etc. original de Eugenio Sellés.
260 ## - PUBLICACIÓN, DISTRIBUCIÓN, ETC.
Lugar de publicación, distribución, etc. Madrid :
Nombre del editor, distribuidor, etc. [Administración Lírico-Dramática,
Fecha de publicación, distribución, etc. 1880 (
Fabricante Tipografía de G. Estrada)
300 ## - DESCRIPCIÓN FÍSICA
Extensión 78 p. ;
Dimensiones 19 cm.
594 ## - Nota al título y mención de responsabilidad
Nota al título y mención de responsabilidad En port.: Representado por primera vez en el Teatro Español de Madrid, en enero de 1880.
852 ## - LOCALIZACIÓN
Ubicación ES-MaACL
Número de control de estantería F-8649(4)
Nota libre -- Enc. hol. conservando la cub. original
-- .- Enc. en un vol. facticio formando parte de la col. facticia "Teatro español moderno" v. 108
Holdings
Estatus retirado Estado de pérdida Estado de daño No para préstamo Colección Biblioteca de origen Biblioteca actual Ubicación en estantería Fecha de adquisición Total de préstamos Signatura topográfica completa Código de barras Visto por última vez Precio de reemplazo Tipo de ítem Koha
        Libros del s. XIX Biblioteca del Ateneo de Madrid Biblioteca del Ateneo de Madrid Sala Pecera Planta 2 17/01/2008   F-8649(4) 1173172 23/02/2023 23/02/2023 Libro impreso antiguo